Nuclear physics / (رقم التسجيلة. 31089)

تفاصيل مارك
000 -الفاتح
حقل البيانات ثابتة الطول 00548nam a2200205 a 4500
001 - رقم الضبط
رقم الضبط ASIN8171338283
003 - محدد رقم الضبط
رقم الضبط OSt
005 - وقت وتاريخ اخر تعامل مع التسجيلة
رقم الضبط 20150408114142.0
008 - عناصر البيانات ثابتة الطول - معلومات عامة
حقل البيانات ثابتة الطول 131001s2005 xxu eng d
020 ## - الرقم الدولى المعيارى للكتب
الرقم الدولى المعيارى للكتاب 8171338283 (paperback)
020 ## - الرقم الدولى المعيارى للكتب
الرقم الدولى المعيارى للكتاب 9788171338283 (paperback)
040 ## - مصدر الفهرسة
وكالة الفهرسة الأصلية Ma-Un
082 ## - رقم تصنيف ديوى العشرى
رقم الطبعة 22
رقم التصنيف 539.7
100 1# - المدخل الرئيسى - إسم شخصى
الإسم الشخصى Srivastava, B.B.
9 (RLIN) 37540
245 10 - بيان العنوان
العنوان Nuclear physics /
بيان المسئوليه,etc B.B. Srivastava.
260 ## - PUBLICATION, DISTRIBUTION, ETC. (IMPRINT)
مكان الناشر او الموزع New Delhi :
اسم الناشر او الموزع Rastogi Publications,
تاريخ النشر أو التوزيع 2005.
300 ## - الوصف المادى
التعداد 500 p.
أبعاد الوعاء 24 cm
650 ## - المدخل الاضافى بالموضوع-مصطلح موضوعى
مصطلح موضوعي أو اسم جغرافي كعنصر مدخل Nuclear physics
942 ## - عناصر المدخل الإضافي( كوها)
مصدر التصنيف او مخطط الترفيف Dewey Decimal Classification
Koha [default] item type كتاب
المقتنيات
حالة الفقد نموذج السعر الفعال حالة تلف ليس للاعارة رقم الطلب رقم النسخة تاريخ الاكتساب الموقع الحالي الباركود الفرع الرئيسي Date last seen نوع المادة فى نظام كوها مصدر التصنيف او خطة الترفيف Total Checkouts Date last checked out
  2013-10-08     539.7 SBN n1 2013-10-08 المكتبة المركزية بالمجمعة (CL) 00451189 المكتبة المركزية بالمجمعة (CL) 2013-10-08 كتاب Dewey Decimal Classification    
  2013-10-08     539.7 SBN n2 2013-10-08 المكتبة المركزية بالمجمعة (CL) 00451190 المكتبة المركزية بالمجمعة (CL) 2013-10-08 كتاب Dewey Decimal Classification    
  2013-10-08     539.7 SBN n2 2013-10-08 المكتبة المركزية بالمجمعة (CL) 00451193 مكتبة مجمع الكليات بالزلفى - طلاب (SZM) 2025-04-09 كتاب Dewey Decimal Classification 2 2025-01-21
  2013-10-08   Not For Loan 539.7 SBN n3 2013-10-08 المكتبة المركزية بالمجمعة (CL) 00451192 المكتبة المركزية بالمجمعة (CL) 2013-10-08 كتاب Dewey Decimal Classification    
  2013-10-08     539.7 SBN n1 2013-10-08 مكتبة مجمع الكليات بالزلفى - طلاب (SZM) 00451191 مكتبة مجمع الكليات بالزلفى - طلاب (SZM) 2013-10-08 كتاب Dewey Decimal Classification    
  2013-10-08   Not For Loan 539.7 SBN n3 2013-10-08 مكتبة مجمع الكليات بالزلفى - طلاب (SZM) 00451188 مكتبة مجمع الكليات بالزلفى - طلاب (SZM) 2013-10-08 كتاب Dewey Decimal Classification